000 00541nam a2200193Ia 4500
005 20260429112151.0
008 260429s9999||||xx |||||||||||||| ||und||
020 _a9788173915628
041 _aEnglish
082 _a791.0954
_bNAR
100 _aNarayan, Shovana
245 0 _aPerforming arts in India :
_ba policy perspective /
_cShovana Narayan
250 _a1st ed.
260 _aNew Delhi :
_bKanishka Publishers, Distributors,
_c2025.
300 _avi, 135 p.; hb
650 _a India
650 _aPerforming arts
942 _cTB
999 _c52692
_d52692